[Event "Bhilwara op"]
[Site "Bhilwara"]
[Date "2024.12.28"]
[Round "8"]
[White "Rahul, Suri"]
[Black "Shivam, Kumar Meghwal"]
[Result "1-0"]
[WhiteElo "1659"]
[BlackElo "1515"]
[PlyCount "23"]
[EventDate "2024.12.24"]
[EventType "swiss"]
[EventRounds "9"]
[EventCountry "IND"]
[SourceTitle "CB02_2025"]
[SourceDate "2025.01.08"]
[SourceVersion "1"]
[SourceVersionDate "2025.01.08"]
[SourceQuality "1"]

1. e4 e5 2. Nc3 Nc6 3. Bc4 Bc5 4. Qg4 Qf6 5. Nd5 Qxf2+ 6. Kd1 Nh6 7. Qxg7 Rf8 8. Nf3 Bb6 9. Rf1 Qc5 10. d3 Ng8 11. Ng5 d6 12. Nxh7 1-0